| 000 | 01250nam0a22003011 4500 | ||
|---|---|---|---|
| 001 | rc\2214172 | ||
| 005 | 20260406120953.0 | ||
| 035 | _a(NLR Aleph) 006620690 | ||
| 090 |
_a7445949 _c7445949 |
||
| 100 | _a20110829d1979 |||y0rusy50 ca | ||
| 101 | 0 | _arus | |
| 102 | _aRU | ||
| 105 | _aa z ||||| | ||
| 200 | 1 |
_aПрограмма экспериментальных исследований на мезонной фабрике ИЯИ АН СССР _eТр. Всесоюз. семинара, 7-9 дек. 1977 г. Звенигород _f[Науч. ред. А.С. Ильинов, Э.А. Коптелов] |
|
| 210 |
_aМосква _cИЯИ _d1979 |
||
| 215 |
_a186 с. _cил. _d29 |
||
| 300 | _aВ надзаг.: АН СССР, Ин-т ядер. исслед. | ||
| 320 | _aБиблиогр. в конце докл. | ||
| 702 | 1 |
_aКоптелов _bЭ.А. _4340 |
|
| 702 | 1 |
_aИльинов _bА.С. _gАлександр Сергеевич _4340 |
|
| 712 | 0 | 2 |
_aИнститут ядерных исследований _cМосква _3RU\NLR\AUTH\8813493 _9299990 |
| 801 | 0 |
_aRU _bNLR _gpsbo |
|
| 801 | 1 |
_aRU _bELAR _2rusmarc |
|
| 852 |
_aNLR _j79-8/772 |
||
| 899 |
_aRuMoRGB _jБ 79-27/218 |
||
| 899 |
_aRuMoRGB _jБ 79-27/219 |
||
| 942 | _cBOOK | ||
| 980 | _aNB | ||